Bibliography of the Publications of sunder Lal Hora (Record no. 584898)

MARC details
000 -LEADER
fixed length control field 00449nam a2200145Ia 4500
008 - FIXED-LENGTH DATA ELEMENTS--GENERAL INFORMATION
fixed length control field 100415s9999 xx 000 0 und d
082 ## - DEWEY DECIMAL CLASSIFICATION NUMBER
Item number 1850
Classification number 925.8
100 ## - MAIN ENTRY--PERSONAL NAME
Personal name Hora Sunderlal
245 ## - TITLE STATEMENT
Title Bibliography of the Publications of sunder Lal Hora
260 ## - PUBLICATION, DISTRIBUTION, ETC. (IMPRINT)
Place of publication, distribution, etc CALCUTTA
Date of publication, distribution, etc 1951
Name of publisher, distributor, etc GOC
365 ## - TRADE PRICE
Price amount 0
630 ## - SUBJECT ADDED ENTRY--UNIFORM TITLE
Uniform title Bibliography of the Publications of sunder Lal Hora
730 ## - ADDED ENTRY--UNIFORM TITLE
Uniform title Bibliography of the Publications of sunder Lal Hora
942 ## - ADDED ENTRY ELEMENTS (KOHA)
Koha item type Book
Holdings
Withdrawn status Lost status Damaged status Not for loan Home library Current library Date acquired Cost, normal purchase price Total Checkouts Full call number Barcode Date last seen Price effective from Koha item type
        Bombay Natural History Society Bombay Natural History Society 06/26/1998 0.00   925.8 1850 BNHS-1850 04/15/2010 04/15/2010 Book